Encyclopaedic dictionary of urdu literature/ (Record no. 8983)

MARC details
000 -LEADER
fixed length control field 01058 a2200253 4500
010 ## - LIBRARY OF CONGRESS CONTROL NUMBER
LC control number ENG-88680-81
020 ## - INTERNATIONAL STANDARD BOOK NUMBER
Terms of availability 3500.00 (set)
International Standard Book Number 8182201918 (set)
020 ## - INTERNATIONAL STANDARD BOOK NUMBER
International Standard Book Number 8182201926 (v.1)
020 ## - INTERNATIONAL STANDARD BOOK NUMBER
International Standard Book Number 8182201934 (v.2)
035 ## - SYSTEM CONTROL NUMBER
System control number EN-72213
037 ## - SOURCE OF ACQUISITION
Source of stock number/acquisition DBAD / PUB
082 14 - DEWEY DECIMAL CLASSIFICATION NUMBER
Classification number 840.3
090 ## - LOCALLY ASSIGNED LC-TYPE CALL NUMBER (OCLC); LOCAL CALL NUMBER (OCLC)
-- 9148
-- 9148
245 1# - TITLE STATEMENT
Title Encyclopaedic dictionary of urdu literature/
Statement of responsibility, etc edited by Abida Samiuddin
260 ## - PUBLICATION, DISTRIBUTION, ETC. (IMPRINT)
Place of publication, distribution, etc New Delhi
Name of publisher, distributor, etc Global Vision Publishing House
Date of publication, distribution, etc 2007
270 ## - ADDRESS
Address F-4, 1st Floor, `Hari Sadan' 20, Ansari Road, Daryaganj,
City New Delhi
Postal code 110 002
300 ## - PHYSICAL DESCRIPTION
Extent 2 V. (xvi, 310p.; xvi, 311-633p.)
Dimensions 24cm (Hb)
490 ## - SERIES STATEMENT
Series statement Global encyclopaedic literature series; 5
500 ## - GENERAL NOTE
General note This book published in 2 parts & set price is 3500.00, includes index
700 ## - ADDED ENTRY--PERSONAL NAME
Personal name Abida Samiuddin
942 ## - ADDED ENTRY ELEMENTS (KOHA)
Institution code [OBSOLETE] dpl
Koha item type English Books
Call number prefix 840.3 / ENC
Holdings
Withdrawn status Lost status Source of classification or shelving scheme Damaged status Not for loan Collection code Home library Current library Source of acquisition Cost, normal purchase price Total Checkouts Total Renewals Full call number Barcode Date last seen Copy number Uniform Resource Identifier Cost, replacement price Price effective from Koha item type
    Dewey Decimal Classification   Not For Loan Non-fiction D.B.Act.Division D.B.Act.Division DBAD/PUB 1750.00     840.3 ENC EN-72213 (v.1) 15/09/2008 1 9932 1750.00 15/09/2008 English Books
    Dewey Decimal Classification   Not For Loan Non-fiction D.B.Act.Division D.B.Act.Division DBAD/PUB 1750.00     840.3 ENC EN-72214 (v.2) 15/09/2008 1 9933 1750.00 15/09/2008 English Books

© Delhi Public Library
Hit Counter
free hit counter